Todas as músicas da Marina Sena - Statistics

Estatísticas Gerais
  • Esse quiz foi jogado 44 vezes
    26 desde o último reset
  • A pontuação média é 18 de 66
Estatísticas das Respostas
Answers % Correto
Coisas Naturais
87%
Numa Ilha
87%
Lua Cheia
83%
Por Supuesto
83%
Tamborim
65%
Dano Sarrada
61%
Pelejei
61%
Santo
61%
SENSEI
61%
Anjo
57%
Cabelo
57%
CARNAVAL
57%
Desmitificar
57%
Mágico
57%
Tudo Pra Amar Você
52%
Olho no Gato
48%
Que Tal (ft. Fleezus)
48%
Sem Lei
48%
Voltei Pra Mim
48%
Combo da Sorte
43%
Mande um Sinal
43%
Temporal
43%
Mais de Mil
39%
Me Toca
39%
Partiu Capoeira
39%
Amiúde
35%
Pra Ficar Comigo
35%
Sonho Bom
35%
Me Ganhar
30%
Tudo Seu
30%
Meu Paraíso Sou Eu
26%
Ombrim (ai que delicia o verão) (ft. Mts No Beat, Chicão do Piseiro e Roni Bruno)
26%
Ombrim (ft. Rosa Neon e BAKA)
26%
Seu Olhar
26%
Pra Sempre (Poesia Acústica #12)
22%
real valor (ft. Carol Biazin e Vulgo FK)
22%
Labirinto (ft. Ariel Donato e MC Cabelinho)
9%
Natasha (ft. Capital Inicial)
9%
Romance Em Cena (ft. Luísa Sonza)
9%
Se eu não lembrar (ft. BK, JXNV$ e Gigantes)
9%
Te Vi Na Rua (ft. Silva e RDD)
9%
+ 1 Minuto (ft. Jean Tassy e Iuri Rio Branco)
4%
APENAS UM NENÉM (ft. Gloria Groove)
4%
Dano Sarrada Remix (ft. Japãozin)
4%
Foi Match (ft. HITMAKER)
4%
Menina (ft. Davi Kneip e Brisa Star)
4%
Ouro do Tolo
4%
Aceso (ft. Gabriela Viegas)
0%
Checklist (ft. Velejante e BAKA)
0%
Da Maior Importância - Spotify Singles
0%
Doçura (ft. Çantamaria)
0%
Ligação (ft. Fleezus, Iuri Rio Branco e CESRV)
0%
Mais De Uma Saudade (ft. Bernando Bauer)
0%
Mesa Vermelha (ft. Simone Mendes e Péricles)
0%
Para Lennon e McCartney / Citação : O vento (ft. Gal Costa)
0%
Pé na Areia (ft. Anderson & Vei da Pisadinha e Chicão do Piseiro)
0%
Picadinha (ft. Laura Petit)
0%
Quase Não Namoro (ft. Juliette)
0%
Quente e Colorido (ft. Illy)
0%
Se Arruma (ft. X Sem Peita e Luiz Brasil)
0%
Sem Coração (ft. Jean Tassy e Iuri Rio Branco)
0%
Tela 2.0 (ft. BAKA e Julio Secchin)
0%
Tema (ft. Hot, Oreia e Coyotte Beatz)
0%
Tenho Raiva de Você (ft. Dom Pepo e deco.)
0%
TOKITÔ (ft. Gaia e Nenny)
0%
VEJA BABY [Versão Alternativa] (ft. Lagum)
0%
Nenhum quiz correspondente encontrado
Distribuição das Pontuações
Porcentagem de Pessoas com Cada Pontuação
Percentil de Números Respondidos
Sua Pontuação Histórica
Você não jogou esse quiz desde o último reset